01068nam a2200241Ia 450000100060000000300090000600800410001504000130005604000130006904100130008210000230009510000290011824500580014724500580020525000110026326000090027426000120028326000490029530000570034450003730040165000210077465000310079584542IT-RoPAU130308s9999 xx 000 0 und d aIT-RoPAU cIT-RoPAU aITALIANO aGiammusso Maurizio gCodice Aut. SPICS: 9596 aEliseo-Un teatro e i suoi protagonisti Roma 1900-1990 bEliseo-Un Teatro e I Suoi protagonisti Roma 1900-1990 a1a ed. aROMA bGremese c1989 [1° Ed.:1989 - Ed.Ling.Originale:1989] a"264 p. (prefazione: no ; testo: 264 [pagine: 0-0])" aDall'Arena All'Eliseo Teatro degli Italiani Vincenzo torraca un Filosofo al Botteghino Casa per gli Attori Semistabile Cervi Pagnani palcoscenico di Guerra un Anno di Visconti compagnia Visconti Morelli Stoppa Eduardo Visconti e gli Anni cinquanta Giovani e Amicizia Teatrale Pubblico e Privato Nuovo Eliseo Teatro di Lavia spettacoli dell'Eliseo Eduardo De Filippo Ii aTECNICA TEATRALE eCodice materia Spics: 8402